Estudios visuales: La epistemología de la visualidad en la era de la globalización.

Guardat en:
Dades bibliogràfiques
Altres autors: Brea, José Luis (Editor)
Format: Llibre
Idioma:espanyol
Publicat: Madrid, España: Akal, 2005.
Col·lecció:Akal Estudios Visuales,
Matèries:
Etiquetes: Afegir etiqueta
Sense etiquetes, Sigues el primer a etiquetar aquest registre!

MARC

LEADER 00000cam a2200000 a 4500
001 UCJ1005
003 CL-VaPUC
005 20250321101906.0
008 060929t20050000SP |||||||||||||||||spa|d
999 |c 317738  |d 317736 
020 |a 978-84-460-2323 
040 |c Pontificia Universidad Católica de Valparaíso 
082 0 4 |a 701.17 BRE 2005  |2 21 
100 0 |a Brea, José Luis  |e editor  |9 501530 
245 1 0 |a Estudios visuales:  |b La epistemología de la visualidad en la era de la globalización. 
260 |a Madrid, España:  |b Akal,  |c 2005. 
300 |a 244 páginas. 
490 0 |a Akal Estudios Visuales,  |n 1. 
500 |a c.4-c.5. Instituto Arcos.08-01-2025. 
583 |a last modification  |c 20131213 03:02:27  |k Rodrigo Vera 
650 0 |a Filosofía del arte  |9 264951  |x Estética  
650 0 |a Imagen(Filosofía)  |9 862347 
650 0 |a Percepción visual  |9 267039 
650 0 |a Comunicación visual   |9 265349  |x Estudio y enseñanza 
942 |c BK  |2 ddc  |n 0 
945 |d 20060929 00:00:00  |a cmena 
952 |0 0  |1 0  |4 0  |6 701_170000000000000_BRE_2005  |7 0  |8 A  |9 394631  |a BIBART  |b BIBART  |d 2019-11-22  |i 4203615  |o 701.17 BRE 2005  |p 4203615  |r 2025-03-13  |w 2019-11-22  |y BK  |k ART 
952 |0 0  |1 0  |3 erb  |4 0  |6 701_170000000000000_BRE_2005  |7 0  |8 A  |9 394632  |a BIBHIS  |b BIBHIS  |i 5033640  |o 701.17 BRE 2005  |p 5033640  |r 2025-01-20  |w 2019-11-22  |y BK  |z Catalogado en:20131213  |k HIS 
952 |0 0  |1 0  |3 erb  |4 0  |6 701_170000000000000_BRE_2005  |7 0  |8 A  |9 394633  |a FDOPOS  |b BIBEDU  |c ES_NOD  |i 5429374  |l 1  |o 701.17 BRE 2005  |p 5429374  |r 2023-08-09  |s 2021-11-26  |w 2019-11-22  |y BK  |z Catalogado en:20171020  |k DLH 
952 |0 0  |1 0  |2 ddc  |4 0  |6 701_170000000000000_BRE_2005  |7 0  |8 A  |9 600395  |a BIBINC  |b BIBINC  |d 2025-02-04  |e Instituto Arcos  |i 5665306  |o 701.17 BRE 2005  |p 5665306  |r 2025-02-04  |t 4  |w 2025-02-04  |y BK  |k IFP 
952 |0 0  |1 0  |2 ddc  |4 0  |6 701_170000000000000_BRE_2005  |7 0  |8 A  |9 600396  |a BIBINC  |b BIBINC  |d 2025-02-04  |e Instituto Arcos  |i 5665307  |o 701.17 BRE 2005  |p 5665307  |r 2025-02-04  |t 5  |w 2025-02-04  |y BK  |k IFP 
952 |0 0  |1 0  |2 ddc  |4 0  |6 701_170000000000000_BRE_2005  |7 0  |8 A  |9 600397  |a BIBINC  |b BIBINC  |d 2025-02-04  |e Instituto Arcos  |i 5665308  |o 701.17 BRE 2005  |p 5665308  |r 2025-02-04  |t 6  |w 2025-02-04  |y BK  |k IFP